000 00503pab a2200181 454500
008 180718b2012 xxu||||| |||| 00| 0 eng d
100 _aWang, Wen
245 _aDo local governments save and spend across budget cycles? Evidence from North Carolina
260 _c2012
300 _ap.152-169.
362 _aMar
650 _aFinancial administratioin
650 _aLocal government
700 _aHou, Yilin
773 _aAmerican Review of Public Administration
908 _aN
909 _a95669
999 _c95669
_d95669